Films Disney - Statistiques

Statistiques générales
  • Ce quiz a été pris 211 fois
  • Le résultat moyen est 51 sur 130
Statistiques - réponses
Réponse % Correct
Cendrillon
82%
La belle et la bête
78%
Raiponce
75%
La belle au bois dormant
72%
La reine des neiges
71%
Le roi lion
71%
La petite sirène
69%
Pocahontas
69%
Toy story
69%
Aladdin
67%
Bambi
67%
Mulan
67%
Rebelle
66%
La belle et le clochard
65%
Pinocchio
65%
Vaiana
65%
Peter pan
62%
Cars
61%
Les 101 dalmatiens
61%
Dumbo
60%
Fantasia
60%
La princesse et la grenouille
60%
Les Aristochats
59%
Toy story 2
59%
Le livre de la jungle
58%
Le roi lion 2
58%
Toy story 3
58%
La reine des neiges 2
56%
Rox et Roucky
56%
Toy story 4
56%
Bernard et bianca
54%
Coco
54%
Tarzan
54%
Cendrillon 2
53%
Le bossu de notre dame
53%
Cars 2
52%
Le roi lion 3
52%
Cars 3
51%
Alice au pays des merveilles
50%
La petite sirène 2
50%
Winnie l'ourson
50%
Zootopie
50%
Hercule
49%
Merlin l'enchanteur
49%
Robin des bois
49%
Là haut
48%
Ratatouille
48%
Kuzco
47%
Vice-versa
47%
Mulan 2
46%
Pocahontas 2
46%
Le monde de nemo
45%
Les mondes de Ralph
45%
Peter pan 2
44%
Frère des ours
43%
Le monde de Dory
43%
Luca
43%
La belle et la bête 2
42%
Volt
42%
La fée clochette
41%
Les indestructibles
41%
Wall e
40%
1001 pattes
39%
Bambi 2
39%
Tarzan 2
38%
La belle et le clochard 2
37%
Planes
37%
Ralph 2.0
37%
Raya et le dernier dragon
37%
Soul
37%
Oliver et compagnie
36%
Taram et le chaudron magique
36%
La planète au trésor
35%
Le livre de la jungle 2
35%
Les 101 dalmatiens 2
35%
Les indestructibles 2
35%
Rox et Rouky 2
35%
Blanche neige et les septs nain
33%
Les nouveaux héros
33%
Planes 2
33%
Mary Poppins
32%
Fantasia 2000
31%
Kuzco 2
31%
Le retour de jafar
31%
Le voyage d'arlo
31%
En avant
30%
Frère des ours 2
29%
Le bossu de notre dame 2
29%
Les trois caballeros
28%
Chicken little
27%
La ferme se rebelle
27%
Monstres academy
27%
La boîte à musique
25%
Coquin de printemps
24%
Les aventures de tigrou
24%
Mélodie du sud
24%
Dingo et max
23%
Les aventures de porcinet
23%
Le sortilège de cendrillon
23%
Mélodie cocktail
23%
Bienvenue chez les Robinsons
22%
Clochette et la fée pirate
22%
Clochette et la pierre de lune
22%
Clochette et l'expédition féerique
22%
Le crapaud et le maitre d'école
22%
Les aventures de Winnie l'ourson
22%
Saludos amigos
22%
Aladdin et le roi des voleurs
20%
Clochette et le secret des fées
20%
Les aventures de petit gourou
20%
Lilo & stitch
20%
Winnie l'ourson 2
20%
Atlantide l'empire perdu
19%
Danny, le petit mouton noir
19%
Dingo et max 2
19%
La bande à picsou
19%
Bernard et Bianca au pays des kangourous
18%
Lilo & stitch 2
15%
Peter et Elliot le dragon
14%
Mickey, Donald, Dingo : les trois mousquetaires
11%
Winnie l'ourson et l'éfélant
11%
Anastasia
10%
Monstre & Cie
10%
Basil détective privée
8%
L'étrange Noël de monsieur jack
7%
Clochette et la créature légendaires
4%
Leroy & stitch
3%
Stitch le film
2%
Les énigmes de l'Atlantide
1%
Le monde magique de la belle et la bête
0%
Aucun quiz correspondant
Distribution des résultats
% des personnes avec chaque résultat
Percentile par nombre de réponses
Votre historique - résultats
Vous n’avez pas pris ce quiz